Home Print Resources E-Books E-Journals IIMT Lecture Series Library Membership Form Book Recommendation Form Campus Tour Take AdmissionAbout Us Contact Us

ENGLISH FOR TECHNICAL COMMUNICATION (Record no. 11703)

000 -LEADER
fixed length control field 00379nam a2200145Ia 4500
003 - CONTROL NUMBER IDENTIFIER
control field OSt
005 - DATE AND TIME OF LATEST TRANSACTION
control field 20240111163515.0
008 - FIXED-LENGTH DATA ELEMENTS--GENERAL INFORMATION
fixed length control field 170523s9999 xx 000 0 und d
020 ## - INTERNATIONAL STANDARD BOOK NUMBER
International Standard Book Number 9798188429539
040 ## - CATALOGING SOURCE
Transcribing agency iimt university meerut
100 ## - MAIN ENTRY--PERSONAL NAME
Personal name LAKSHMINARAYANAN, K.R
245 #0 - TITLE STATEMENT
Title ENGLISH FOR TECHNICAL COMMUNICATION
260 ## - PUBLICATION, DISTRIBUTION, ETC.
Place of publication, distribution, etc. New Delhi : Vayu Education
942 ## - ADDED ENTRY ELEMENTS (KOHA)
Source of classification or shelving scheme
Koha item type Book Bank
Holdings
Withdrawn status Lost status Source of classification or shelving scheme Damaged status Not for loan Home library Current library Date acquired Total Checkouts Barcode Checked out Date last seen Date last checked out Price effective from Koha item type Public note Full call number
          IIMT University Central Library Meerut IIMT University Central Library Meerut 05/31/2017 1 01-B-116001 08/15/2025 02/17/2025 02/17/2025 05/31/2017 Book Bank Nil  
          IIMT University Central Library Meerut IIMT University Central Library Meerut 05/31/2017 2 01-B-116002   02/06/2024 02/05/2024 05/31/2017 Book Bank Nil  
          IIMT University Central Library Meerut IIMT University Central Library Meerut 05/31/2017   01-B-119981   05/31/2017   05/31/2017 Book Bank nil  
          IIMT University Central Library Meerut IIMT University Central Library Meerut 05/31/2017   01-B-119982   05/31/2017   05/31/2017 Reference Book nil R
IIMT, Central Library. All Rights Reserved IIMT,UNIVERSITY © 2023
Implemented and Customised by I CLOUDE EMS
You Are OPAC Visitor No
free web counter

Powered by Koha